000 00770nam a2200253Ia 4500
003 OSt
005 20221005081113.0
006 a|||||r|||| 00| 0
007 ta
008 221004b |||||||| |||| 00| 0 hin d
020 _a8173155143
_c500
024 _a81714
037 _b2825, 30/03/2005, The Book Seller
_cTextual
040 _aCRL
_cCRL
_bhin
041 _2hin
_ahin
082 _a4(P152)vN.P, 152P4
100 _aChaturvedi Jagdish Prasad
245 0 _aHindi patrakarita ka itihas
260 _aNew Delhi
_bPrabhat Prakashan India
_c2004
300 _a395p.
_ccm.
650 _aJOUNRALISM
_93876
942 _h4(P152)vN.P, 152P4
_cTEXL
_2cc
999 _c987157
_d987157